Marshall Islands Int. Airport Destinations (Majuro, Marshall Islands) - Statistics

General Stats
  • This quiz has been taken 16 times
    8 since last reset
  • The average score is 6 of 33
Answer Stats
Airline Destination % Correct
United Airlines Honolulu
100%
United Airlines Guam
67%
Nauru Airlines Nauru
67%
Air Marshall Islands/United Airlines Kwajalein
50%
Nauru Airlines Tarawa
50%
United Airlines Chuuk
33%
Nauru Airlines/United Airlines Pohnpei
33%
Air Marshall Islands Airok
17%
Air Marshall Islands Aur
17%
Air Marshall Islands Bikini
17%
Nauru Airlines Brisbane
17%
Air Marshall Islands Ebon
17%
Air Marshall Islands Jaluit
17%
Air Marshall Islands Jeh
17%
Air Marshall Islands Kaben
17%
Air Marshall Islands Kili
17%
Nauru Airlines Koror
17%
United Airlines Kosrae
17%
Air Marshall Islands Majkin
17%
Air Marshall Islands Maloelap
17%
Air Marshall Islands Mili
17%
Air Marshall Islands Ailuk
0%
Air Marshall Islands Elenak
0%
Air Marshall Islands Enejit
0%
Air Marshall Islands Enewetak
0%
Air Marshall Islands Lae
0%
Air Marshall Islands Mejit
0%
Air Marshall Islands Namdrik
0%
Air Marshall Islands Rongelap
0%
Air Marshall Islands Ujae
0%
Air Marshall Islands Utirik
0%
Air Marshall Islands Wotho
0%
Air Marshall Islands Wotje
0%
No matching quizzes found
Score Distribution
Percent of People with Each Score
Percentile by Number Answered
Your Score History
You have not taken this quiz since the last reset